Star Wars Prequel Trilogy Characters by Picture - Statistics

General Stats
  • This quiz has been taken 3,001 times
  • The average score is 19 of 24
Answer Stats
Picture Answer % Correct
Anakin Skywalker
99%
Obi-Wan Kenobi
99%
Darth Maul
97%
Jar Jar Binks
97%
Jango Fett
96%
Padmé Amidala
96%
Senator Palpatine
96%
Mace Windu
95%
Qui-Gon Jinn
95%
R2D2
94%
Yoda
94%
Chewbacca
93%
Count Dooku
93%
C3PO
92%
General Grievous
87%
Bail Organa
67%
Shmi Skywalker
65%
Watto
62%
Sebulba
57%
Nute Gunray
48%
Chancellor Valorum
43%
Boss Nass
40%
Dexter Jettster
39%
Captain Panaka
36%
No matching quizzes found
Score Distribution
Percent of People with Each Score
Percentile by Number Answered
Your Score History
You have not taken this quiz